Wenecki koncert instrumentalny w epoce Vivaldiego

Titel: Wenecki koncert instrumentalny w epoce Vivaldiego / Piotr Wilk
Verfasser:
Veröffentlicht: Kraków : Musica Iagellonica, 2014
Umfang: 663, [1] Seiten : Illustrationen ; 24 cm
Format: Buch
Sprache: Polnisch
Schriftenreihe/
mehrbändiges Werk:
Acta Musicologica Universitatis Cracoviensis ; 27
Schlagworte:
ISBN: 9788370991999 ; 8370991998
Buchumschlag
X
alg: 51412256
001A    $03004:15-12-23 
001B    $03004:15-12-23 $t13:12:33.000 
001D    $03004:15-12-23 
001U    $0utf8 
001X    $00 
002@    $0Aau 
002C    $aText $btxt $2rdacontent 
002D    $aohne Hilfsmittel zu benutzen $bn $2rdamedia 
002E    $aBand $bnc $2rdacarrier 
003@    $0514122560 
003O    $0913722678 $aOCoLC 
004A    $A978-83-7099-199-9 
004D    $083-7099-199-8 
006C    $0913466021 $aOCoLC 
007A    $0BV042675113 $aBVB 
009P    $qapplication/pdf $3Inhaltsverzeichnis $uhttp://bvbr.bib-bvb.de:8991/F?func=service&doc_library=BVB01&local_base=BVB01&doc_number=028107082&sequence=000002&line_number=0001&func_code=DB_RECORDS&service_type=MEDIA $mDigitalisierung BSB Muenchen 19 - ADAM Catalogue Enrichment 
010@    $apol 
010E    $erda 
011@    $a2014 $n2014 
021A    $aWenecki koncert instrumentalny w epoce Vivaldiego $hPiotr Wilk 
028A    $BVerfasser $4aut $71158719183 $8Wilk, Piotr [Tp3] $9430492537 
033A    $pKraków $nMusica Iagellonica 
034D    $a663, [1] Seiten 
034I    $a24 cm 
034M    $aIllustrationen 
036E    $aActa Musicologica Universitatis Cracoviensis $l27 
037A    $aZusamenfassung in englischer Sprache unter dem Titel: The Venetian instrumental concerto during Vivaldi's time 
037A    $aLiteraturverzeichnis Seite 523-565 
044A    $aKoncerty (muzyka) / 18 w / historia i krytyka $2jhpk $S#7 $N650 
044A    $aMuzyka / Włochy / Wenecja / 18 w / historia i krytyka $2jhpk $S#7 $N650 
044K    $qBVB $#Venedig $#Veneţia $#Venecija $#Benetia $#Venesia $#Staat Venedig $#Republik Venedig $#Città di Venezia $#Kronland Venedig $#Venetische Provinzen $#Province Venete $#Provincie Venete $#Venezia $#Venecia $#Venice $#Venecio $#Venise $#Vinegia $#Comune di Venezia $#Venegia $#Vinetia $#Venetia $#Venetik $#Wenetik $#Serenissima Venezia $#Enetiesi $#Henetiesi $#Vineggia $74062501-1 $8Venedig [Tg1] $9085174033 
044K    $qBVB $RInstrumentalmusik $RConcerto $RSymphonie concertante $#Concertos $#Concertos $#Concerti  $#Konzert $#Instrumentalkonzert $#Solokonzert $#Konzerte $74032359-6 $8Konzert [Ts1] $9085086215 
044K    $qBVB $RMusik $RKomposition $#Instrumental music $#Musique instrumentale $#Musica strumentale $#Música instrumental $#Musikinstrument Musik $#Instrumentalwerk $#Instrumentalkomposition $74129951-6 $8Instrumentalmusik [Tsz] $9085457574 
045F    $a780.943809033 $eDDC22BSB 
045F/01 $a780.9 
045F/03 $f09033 
045F/03 $g438 
045F/03 $g45 
045R    $aGeschichte 1700-1800 
045T    $a9,2 

lok: 51412256 24

exp: 51412256 24 1 #EPN
201B/01 $020-12-23 $t11:51:21.000 
201C/01 $015-12-23 
201U/01 $0utf8 
203@/01 $01251770436 
208@/01 $a20-12-23 $bz 
209A/01 $aMus 5472 $du $f050 $hMUS 5472 $x00 
209C/01 $a23.05518 K $h23 05518 K 
209G/01 $a74810225 $x00 
220C/01 $ahae/sbl 
247C/01 $8358050-7 Marburg, Bibliothek des Herder-Instituts Marburg $9102600961
LEADER 00000nam a2200000 c 4500
001 514122560
003 DE-603
005 20231215131233.0
007 tu
008 231215s2014 xx |||| | u00||u|pol c
020 |a 9788370991999 
020 |z 8370991998 
035 |a (DE-599)BVBBV042675113 
035 |a (OCoLC)913722678 
040 |a DE-603  |b ger  |c DE-603  |d DE-603  |e rda 
041 |a pol 
082 0 4 |8 1\u  |a 780.943809033  |q DE-101  |2 22/BSB 
084 |a 9,2  |2 ssgn 
085 |8 1\u  |b 780.9 
085 |8 1\u  |z 1  |s 09033 
085 |8 1\u  |z 2  |s 438 
085 |8 1\u  |z 2  |s 45 
100 1 |a Wilk, Piotr  |e Verfasser  |4 aut  |0 (DE-603)430492537  |0 (DE-588)1158719183  |2 gnd 
245 0 0 |a Wenecki koncert instrumentalny w epoce Vivaldiego  |c Piotr Wilk 
264 1 |a Kraków  |b Musica Iagellonica  |c 2014 
300 |a 663, [1] Seiten  |b Illustrationen  |c 24 cm 
336 |a Text  |b txt  |2 rdacontent 
337 |a ohne Hilfsmittel zu benutzen  |b n  |2 rdamedia 
338 |a Band  |b nc  |2 rdacarrier 
490 0 |a Acta Musicologica Universitatis Cracoviensis  |v 27 
500 |a Zusamenfassung in englischer Sprache unter dem Titel: The Venetian instrumental concerto during Vivaldi's time 
500 |a Literaturverzeichnis Seite 523-565 
648 7 |a Geschichte 1700-1800  |2 gnd 
650 7 |a Konzert  |0 (DE-588)4032359-6  |0 (DE-603)085086215  |2 gnd 
650 7 |a Instrumentalmusik  |0 (DE-588)4129951-6  |0 (DE-603)085457574  |2 gnd 
651 7 |a Venedig  |0 (DE-588)4062501-1  |0 (DE-603)085174033  |2 gnd 
856 4 2 |m Digitalisierung BSB Muenchen 19 - ADAM Catalogue Enrichment  |q application/pdf  |u http://bvbr.bib-bvb.de:8991/F?func=service&doc_library=BVB01&local_base=BVB01&doc_number=028107082&sequence=000002&line_number=0001&func_code=DB_RECORDS&service_type=MEDIA  |3 Inhaltsverzeichnis 
924 0 |9 Mb 50  |a (DE-603)1251770436  |b DE-Mb50  |c HES  |d c  |g Mus 5472